| 000 | 00364cam a22001217a 4500 | ||
|---|---|---|---|
| 008 | 180718b1961 xxu||||| |||| 00| 0 eng d | ||
| 082 | _aP4121x5411 N35 | ||
| 245 |
_aAssam's language question: a symposium _cedited by Maheswar Neog |
||
| 260 |
_aJorhat _bAssam Sahitya Sabha _c1961 |
||
| 300 | _a61p. | ||
| 650 | _aLanguages - India - Assam | ||
| 700 | _aNeog, Maheswar | ||
| 999 |
_c480913 _d480913 |
||